Lengua y literatura española

Na minha lista:
Detalhes bibliográficos
Autor principal: Lázaro Carreter, Fernando
Formato: Livro
Idioma:Undetermined
Publicado em: Salamanca, España Anaya 1969
Assuntos:
Tags: Adicionar Tag
Sem tags, seja o primeiro a adicionar uma tag!

MARC

LEADER 00000nam a2200000Ia 4500
008 170316s9999 xx 000 0 und d
090 |a 415-E L-3L 
100 |a Lázaro Carreter, Fernando 
245 |a Lengua y literatura española 
260 |a Salamanca, España 
260 |b Anaya 
260 |c 1969 
300 |a 233 páginas 
650 |a GRAMÁTICA ESPAÑOLA 
999 |c 19005  |d 19005 
040 |a cru BVZT 
942 |c 15 D  |h 415-E L-3L  |2 z